Länder mit dem höchsten IQ - Statistiken

Allgemein
  • Dieses Quiz wurde 455 mal gespielt
  • Das Durchschnittsergebnis liegt bei 7 aus 11
Antwortstatistiken
Durchschnitts-IQ Land % Korrekt
104.1 China
95%
106.5 Japan
94%
100.7 Deutschland
91%
102.4 Südkorea
83%
101.2 Finnland
62%
100.7 Niederlande
58%
105.9 Singapur
53%
106.5 Taiwan
52%
100.7 Estland
30%
101.1 Liechtenstein
30%
101.6 Belarus
8%
Keine übereinstimmenden Quizze gefunden
Verteilung der Resultate
Anzahl Personen mit jedem Resultat
Perzentil nach korrekt beantworteten Fragen
Ihre Resultats-Entwicklung
Sie haben dieses Quiz noch nicht gespielt